Normal view
MARC view
Entry Topical Term
001 - CONTROL NUMBER
- control field: 28400
003 - CONTROL NUMBER IDENTIFIER
- control field: ARRUPE
005 - DATE AND TIME OF LATEST TRANSACTION
- control field: 20170117125708.0
008 - FIXED-LENGTH DATA ELEMENTS
- fixed length control field: 170117|| aca||aabn | a|a d
040 ## - CATALOGING SOURCE
- Original cataloging agency: ARRUPE
- Transcribing agency: ARRUPE
150 ## - HEADING--TOPICAL TERM
- Topical term or geographic name as entry element: Namibia
- General subdivision: Economic conditions
670 ## - SOURCE DATA FOUND
- Source citation: Work cat.: (ARRUPE): SWAPO 28399, Trade Union Action on Namibian Uranium , 1982